Score 0/21 Timer 02:00
0 Plays Today
Clue 4-Letter Word % Correct
Quick, speedyFAST
95.7%
Texas: _____ Star StateLONE
94.3%
The center of an appleCORE
94.3%
Not shortLONG
93.8%
Food on a cobCORN
93.7%
Not crazySANE
93.2%
MisplaceLOSE
92.6%
Television Show: _____ FactorFEAR
92.1%
Tender, loving ___CARE
91.9%
Word that follows Film or OktoberFEST
91.8%
** Nicholas Sparks Movie: _____ Haven **- SAFE -
90%
Clue 4-Letter Word % Correct
An accomplishmentFEAT
89.3%
J.J. Abrams TV ShowLOST
88.5%
A bistro, perhapsCAFÉ
86.7%
Become a memberJOIN
86.3%
** Nicholas Sparks Movie: _____ [Rung 11] **- LAST -
83.8%
Component of changeCOIN
82.7%
** Nicholas Sparks Movie: [Rung 6] _____ **- SONG -
69.3%
A unit of loudnessSONE
62.9%
** Nicholas Sparks Movie: [Rung 1] _____ **- JOHN -
56.6%
** Nicholas Sparks Movie: _____ [Rung 21] **- DEAR -
55%

Today's Daily Dose

Remove Ads.
Support Sporcle.
Get the best of Sporcle when you Go Orange. This ad-free experience offers more features, more stats, and more fun while also helping to support Sporcle. Thank you for becoming a member.

You're not logged in!

Compare scores with friends on all Sporcle quizzes.
OR
Log In

Show Comments

Extras

Top Quizzes Today


Score Distribution

Your Account Isn't Verified!

In order to create a playlist on Sporcle, you need to verify the email address you used during registration. Go to your Sporcle Settings to finish the process.

Report this User

Report this user for behavior that violates our Community Guidelines.

Details: